CONVOCATI FRANCIA MONDIALI 2026 - Statistics

Statistiche generali
  • Questo quiz è stato fatto 14 volte
  • Il punteggio medio è 19 su 26
Statistiche sulle risposte
RUOLO GIOCATORE SQUADRA % Corretto
ATT DOUE PSG
100%
CEN KANTE FENERBACHE
100%
POR MAIGNAN MILAN
100%
ATT MBAPPE REAL MADRID
100%
CEN RABIOT MILAN
100%
ATT THURAM INTER
100%
ATT BARCOLA PSG
92%
DIF KOUNDE BARCELLONA
92%
ATT OLISE BAYERN MONACO
92%
CEN TCHOUAMENI REAL MADRID
92%
ATT DEMBELE PSG
85%
DIF SALIBA ARSENAL
85%
DIF HERNANDEZ AL-HILAL
77%
DIF HERNANDEZ PSG
77%
CEN KONE ROMA
77%
ATT MATETA CRYSTAL PALACE
77%
DIF UPAMECANO BAYERN MONACO
77%
ATT CHERKI MAN CITY
69%
DIF KONATE REAL MADRID
62%
CEN ZAIRE EMERY PSG
54%
DIF GUSTO CHELSEA
46%
ATT AKLIOUCHE MONACO
38%
DIF DIGNE EVERTON
31%
DIF LACROIX CRYSTAL PALACE
31%
POR SAMBA RENNES
15%
POR RISSER LENS
0%
Nessun quiz corrispondente trovato
Distribuzione punteggi
Percentuale di utenti per punteggio
Percentile per numero di risposta
I tuoi punteggi nel tempo
Non hai fatto questo quiz